000
00317nam a22001337a 4500
082
_a
780
_b
GEE/A
100
_a
Geetha Ravikumar
245
_a
Appreciation of music:
_b
a guide/
_c
Geetha Ravikumar
260
_a
Chennai:
_b
L K M Publication,
_c
2009.
300
_a
95p.
650
_a
Music
650
_a
Arts
942
_c
BK
999
_c
55546
_d
55546